Una historia del libro judío : la cultura judía argentina a través de sus editores, libreros, traductores, imprentas y bibliotecas /

Salvato in:
Dettagli Bibliografici
Autore principale: Dujovne, Alejandro (autor)
Natura: Libro
Lingua:spagnolo
Pubblicazione: Buenos Aires, Argentina : Siglo XXI, 2014, c2014
Serie:(Metamorfosis Siglo XXI)
Soggetti:
Tags: Aggiungi Tag
Nessun Tag, puoi essere il primo ad aggiungerne!!

MARC

LEADER 00000nam^a2200000^a^4500
001 000356260
005 20250521000000.0
009 20260310115227.452
020 |a 978-987-629-436-2 
037 |a Acervo ITESO - Biblioteca 
041 |a ESP 
082 |a 306. 69609821106  |b DUJ 
100 |a Dujovne, Alejandro  |e (autor) 
245 1 4 |a Una historia del libro judío :  |b la cultura judía argentina a través de sus editores, libreros, traductores, imprentas y bibliotecas /  |c A. Dujovne. 
264 4 |a Buenos Aires, Argentina :  |b Siglo XXI,  |c 2014, c2014 
300 |a 302 p. 
336 |a texto  |b txt  |2 rdacontenido 
337 |a sin mediación  |b n  |2 rdamedio 
338 |a volumen  |b nc  |2 rdasoporte 
440 1 |a (Metamorfosis Siglo XXI) 
585 |a Exposición DIA 2022-04/05 / De paseo con los libros por la ruta del placer 
649 |a XX 
650 |a Judíos en Buenos Aires, Argentina -  |x Condiciones Sociales y Culturales 
650 |a Judíos en Buenos Aires, Argentina -  |x Historia -  |y Siglo XX -  |x Tema Principal 
650 |a Judíos en Argentina -  |x Condiciones Sociales y Culturales 
650 |a Judíos en Argentina -  |x Historia -  |y Siglo XX 
650 |a Librerías -  |z Argentina -  |x Historia -  |y Siglo XX 
650 |a Imprenta -  |z Argentina -  |x Historia -  |y Siglo XX 
650 |a Bibliotecas -  |z Argentina -  |x Historia -  |y Siglo XX 
650 |a Industria Editorial -  |z Buenos Aires, Argentina -  |x Historia -  |y Siglo XX -  |x Tema Principal 
650 |a Industria Editorial -  |z Argentina -  |x Historia -  |y Siglo XX 
650 |a Literatura Yiddish -  |z Argentina -  |x Difusión 
650 |a Traducción e Interpretación -  |z Argentina -  |x Historia -  |y 1910-1946 
650 |a Sionismo -  |z Argentina -  |x Historia -  |y Siglo XX 
650 |a Judaísmo -  |z Argentina -  |x Historia -  |y Siglo XX 
650 |a Sociología de la Religión 
650 |a Sociología de la Cultura 
910 |a Fondo General 
920 |a Impresos - Libros 
930 |a Colección General 
905 |a 101 
901 |a 0500248716  |b IT1  |c ACC  |i C145341  |u 20250521 
902 |a https://opac.biblio.iteso.mx/vufind/Record/000356260